000 00741nam a22001817a 4500
003 AUA.1
005 20260206115038.0
008 260206b |||||||| |||| 00| 0 eng d
040 _cJTL
100 _aGai, Knollyne Oindih
245 _aFolloweship traits and styles effect on organizational performance in Seventh-day Adventist organizations in Kenya :
_bthe moderating role of follower demographics and leadership personality /
_cKnollyne Oindih Gai.
260 _cc2025.
300 _aviii, 254 leaves :
_billustrations,
_c30 cm.
650 _aFollowership
650 _aOrganizational behavior
650 _aOrganizational effectiveness
_vSeventh-day Adventist Church
_xKenya
942 _2aua
_cDISS
_hPhD Lead
_i.G35 2025
999 _c25302
_d25302